Travesías y ficciones de la antropología en el contexto de la globalización: seis conferencias
I tiakina i:
| Kaituhi matua: | |
|---|---|
| Hōputu: | Pukapuka |
| Reo: | Pāniora |
| I whakaputaina: |
Santiago
Centro de Estudios Interculturales e Indígenas
2017
Santiago Pehuén 2017 |
| Putanga: | 1a. ed |
| Rangatū: | Ensayo
|
| Ngā marau: | |
| Ngā Tūtohu: |
Tāpirihia he Tūtohu
Kāore He Tūtohu, Me noho koe te mea tuatahi ki te tūtohu i tēnei pūkete!
|
MARC
| LEADER | 00000cam a2200000 a 4500 | ||
|---|---|---|---|
| 001 | UCC3798 | ||
| 003 | CL-VaPUC | ||
| 008 | 180615e20170800cl |||||||||||||||||spa|d | ||
| 020 | |a 9789561607651 | ||
| 082 | 0 | 4 | |a 301 |b AUG |2 21 |
| 100 | 0 | |a Augé, Marc |e author |9 597908 | |
| 245 | 1 | 0 | |a Travesías y ficciones de la antropología en el contexto de la globalización: seis conferencias |
| 250 | |a 1a. ed | ||
| 300 | |a 91 p | ||
| 942 | |c BK | ||
| 945 | |d 20180615 12:36:00 |a arojas | ||
| 260 | |a Santiago |b Centro de Estudios Interculturales e Indígenas |c 2017 | ||
| 260 | |a Santiago |b Pehuén |c 2017 | ||
| 650 | 0 | |a Antropología |9 233030 | |
| 650 | 0 | |a Sociología |9 255410 | |
| 650 | 0 | |a Globalización |9 361930 | |
| 583 | |a last modification |c 20180615 12:36:00 |k Rodrigo Vera | ||
| 490 | 0 | |a Ensayo | |
| 999 | |c 371471 |d 371469 | ||
| 952 | |0 0 |1 0 |3 erb |4 0 |6 301_000000000000000_AUG_2017_2017 |7 0 |8 A |9 488477 |a BIBING |b BIBING |i 5474418 |o 301 AUG 2017 2017 |p 5474418 |r 2025-01-20 |w 2019-11-24 |y BK |z Catalogado en:20180615 |k GEO | ||